Loading...
| Literature - European | 0 | 8 | 0 | 1 | 80 | 43 | 115.63 | 2 | 3 | 0.00 | 0.00 |
| Painting & Sculpture | 0 | 7 | 0 | 1 | 70 | 79 | 112.14 | 0 | 0 | 0.00 | 0.00 |
| Literature - World | 0 | 5 | 0 | 1 | 50 | 94 | 120.80 | 0 | 0 | 0.00 | 0.00 |
| Fine Arts - Classical Music | 0 | 5 | 1 | 0 | 45 | 99 | 118.00 | 0 | 1 | 0.00 | 0.00 |
| Literature - British | 0 | 5 | 2 | 1 | 40 | 30 | 109.00 | 1 | 2 | 0.00 | 0.00 |
| Literature - American | 0 | 4 | 1 | 1 | 35 | 82 | 117.25 | 0 | 1 | 0.00 | 0.00 |
| Philosophy | 0 | 4 | 1 | 0 | 35 | 86 | 108.75 | 0 | 1 | 0.00 | 0.00 |
| History - World | 0 | 2 | 0 | 2 | 20 | 142 | 144.00 | 0 | 0 | 0.00 | 0.00 |
| Science - Biology | 0 | 2 | 0 | 1 | 20 | 97 | 116.00 | 0 | 0 | 0.00 | 0.00 |
| Any History | 0 | 1 | 0 | 1 | 10 | 131 | 131.00 | 0 | 0 | 0.00 | 0.00 |
| Fine Arts - Other | 0 | 3 | 4 | 1 | 10 | 74 | 98.67 | 0 | 0 | 0.00 | 0.00 |
| History - American | 0 | 1 | 0 | 1 | 10 | 116 | 116.00 | 0 | 0 | 0.00 | 0.00 |
| Mythology | 0 | 1 | 0 | 0 | 10 | 58 | 58.00 | 0 | 1 | 0.00 | 0.00 |
| Other Academic | 0 | 1 | 1 | 1 | 5 | 129 | 129.00 | 0 | 0 | 0.00 | 0.00 |
| Social Science | 0 | 0 | 0 | 0 | 0 | 0.00 | 0 | 0 | 0.00 | 0.00 | |
| Science - Chemistry | 0 | 0 | 1 | 0 | -5 | 0.00 | 0 | 0 | 0.00 | 0.00 |